000
00320nam a22001337a 4500
999
_c
155296
_d
155296
082
_a
_b
100
_a
M.I Khan
100
_a
B.K Nigam
245
_a
Evaluation and research in curriculam construction/
_c
by M.I Khan and B.K Nigam.
260
_a
_b
Kanushka,
_c
1993.
300
_a
315p.
650
_a
942
_c
BK